<?xml version="1.0" encoding="UTF-8"?><collection xmlns="info:lc/xmlns/marcxchange-v2"><record format="Unimarc" type="bibliographic"><leader>00714cam  2200241   450 </leader><controlfield tag="001">1873721</controlfield><controlfield tag="003">http://id.bnportugal.gov.pt/bib/porbase/1873721</controlfield><controlfield tag="005">20030529032600.0</controlfield><datafield ind1=" " ind2=" " tag="010"><subfield code="a">0-674-99480-9</subfield></datafield><datafield ind1=" " ind2=" " tag="035"><subfield code="6">18380</subfield></datafield><datafield ind1=" " ind2=" " tag="095"><subfield code="a">PTBN00829754</subfield></datafield><datafield ind1=" " ind2=" " tag="100"><subfield code="a">19960516d1990    k  y0pory0103    ba</subfield></datafield><datafield ind1="0" ind2=" " tag="101"><subfield code="a">eng</subfield><subfield code="a">grc</subfield></datafield><datafield ind1=" " ind2=" " tag="102"><subfield code="a">US</subfield></datafield><datafield ind1="1" ind2=" " tag="200"><subfield code="a">Babrius and Phaedrus</subfield><subfield code="f">ed. and translated by Ben Edwin Perry</subfield></datafield><datafield ind1=" " ind2=" " tag="210"><subfield code="a">Cambridge, Mass.</subfield><subfield code="c">Harvard University Press</subfield><subfield code="d">reimp.1990</subfield></datafield><datafield ind1=" " ind2=" " tag="215"><subfield code="a">CII, 634p</subfield></datafield><datafield ind1=" " ind2=" " tag="300"><subfield code="a">Existem 3 ex.</subfield></datafield><datafield ind1=" " ind2=" " tag="675"><subfield code="a">875</subfield><subfield code="v">BN</subfield><subfield code="z">por</subfield><subfield code="3">288325</subfield></datafield><datafield ind1=" " ind2="0" tag="700"><subfield code="a">Babio</subfield><subfield code="3">1484060</subfield></datafield><datafield ind1=" " ind2="0" tag="701"><subfield code="a">Fedro</subfield><subfield code="f">15 a.C.-50 d.C.</subfield><subfield code="4">070</subfield><subfield code="3">27331</subfield></datafield><datafield ind1=" " ind2="1" tag="702"><subfield code="a">Perry</subfield><subfield code="b">Ben Edwin</subfield><subfield code="4">340</subfield><subfield code="3">1484061</subfield></datafield><datafield ind1=" " ind2="0" tag="801"><subfield code="a">PT</subfield><subfield code="b">BN</subfield><subfield code="g">RPC</subfield></datafield><datafield ind1=" " ind2=" " tag="977"><subfield code="1">CL Mestr.7-2</subfield><subfield code="2">coop</subfield><subfield code="4">UCLE</subfield><subfield code="6">mq996781</subfield><subfield code="7">bc</subfield><subfield code="8">coop</subfield><subfield code="9">UCLE</subfield><subfield code="b">10702-11559-18722</subfield><subfield code="k">0</subfield></datafield><datafield ind1=" " ind2=" " tag="998"><subfield code="a">CLE45-386</subfield></datafield></record></collection>